00345cam a22001097a 4500008004000000082001200040100001800052245010100070260003700171300001000208650001700218180718b1910 xxu||||| |||| 00| 0 eng d aX1 L568 aLethaby, W.R. a`Architecture: an introduction to the history and theory of the art of buildingcby W.R. Lethaby aLondonbWilliama & Norgatec1910 a256p. aArchitecture